000 00207 a2200085 4500
020 _a9781580532440
100 _aGirish Kumar
_9211715
245 _aBroadband Microstrip Antennas
260 _bArtech House
_c2003
999 _c365727
_d365727